El economista camuflado: la economía de las pequeñas cosas
Gardado en:
| Autor Principal: | |
|---|---|
| Formato: | Libro |
| Idioma: | Lingua castelá |
| Publicado: |
Santiago
Planeta Chilena S. A
2007
|
| Edición: | 1a. ed |
| Subjects: | |
| Tags: |
Engadir etiqueta
Sen Etiquetas, Sexa o primeiro en etiquetar este rexistro!
|
MARC
| LEADER | 00000cam a2200000 a 4500 | ||
|---|---|---|---|
| 001 | UCE9385 | ||
| 003 | CL-VaPUC | ||
| 008 | 151022e20070000cl |||||||||||||||||spa|d | ||
| 020 | |a 9788484606178 | ||
| 082 | 0 | 4 | |a 330 |b HAR |2 21 |
| 100 | |a Harford, Tim |e author |9 582224 | ||
| 245 | 1 | 3 | |a El economista camuflado: la economía de las pequeñas cosas |
| 250 | |a 1a. ed | ||
| 300 | |a 344 p | ||
| 942 | |c BK | ||
| 945 | |d 20151022 17:18:00 |a dcastane | ||
| 260 | |a Santiago |b Planeta Chilena S. A |c 2007 | ||
| 650 | 0 | |a Economía |9 255568 | |
| 650 | 0 | |a Teorías económicas |9 270968 | |
| 650 | 7 | |a ECONOMISTAS |2 CL-VaPUC |9 334314 | |
| 650 | 0 | |a Mercado |9 321497 | |
| 583 | |a last modification |c 20151022 17:18:00 |k Rodrigo Vera | ||
| 999 | |c 361049 |d 361047 | ||
| 952 | |0 0 |1 0 |3 erb |4 0 |6 330_000000000000000_HAR_2007 |7 0 |8 C |9 471370 |a BIBCUR |b BIBCUR |i 5206553 |l 4 |m 1 |o 330 HAR 2007 |p 5206553 |r 2025-04-22 |s 2025-04-03 |w 2019-11-24 |y BK |z Catalogado en:20151022 |k CAC | ||